Catálogo
 En Linea

Clero y sociedad en la compostela del siglo diecinueve. (Registro nro. 40583)

Detalles MARC
000 -CABECERA
campo de control de longitud fija 00956nam a2200229 a 4500
001 - NÚMERO DE CONTROL
campo de control 000041093
005 - FECHA Y HORA DE LA ÚLTIMA TRANSACCIÓN
campo de control 20201002034619.0
008 - DATOS DE LONGITUD FIJA--INFORMACIÓN GENERAL
campo de control de longitud fija 130917s2004 sp 000 0 spa d
020 ## - NÚMERO INTERNACIONAL ESTÁNDAR DEL LIBRO
Número Internacional Estándar del Libro 840008263X
020 ## - NÚMERO INTERNACIONAL ESTÁNDAR DEL LIBRO
Número Internacional Estándar del Libro BNPHU
-- spa
Condiciones de disponibilidad BNPHU
040 ## - FUENTE DE LA CATALOGACIÓN
Centro catalogador/agencia de origen DO-SdBNP
100 1# - ENTRADA PRINCIPAL--NOMBRE DE PERSONA
Nombre de persona Vázquez Vilanova, José Antonio
9 (RLIN) 67610
245 10 - MENCIÓN DE TÍTULO
Título Clero y sociedad en la compostela del siglo diecinueve.
260 ## - PUBLICACIÓN, DISTRIBUCIÓN, ETC.
Lugar de publicación, distribución, etc. Santiago de Compostela XIX /,
Fecha de publicación, distribución, etc. José Antonio Vázquez Vilanova
Nombre del editor, distribuidor, etc. Consejo Surperior de Investigaciones Científicas :
-- Instituto de Estudios Gallegos,
Fecha de publicación, distribución, etc. 2004.
300 ## - DESCRIPCIÓN FÍSICA
Extensión 290 p. ;
Dimensiones 25 cm.
490 1# - MENCIÓN DE SERIE
Mención de serie Cuadernos de estudios gallegos
-- anexo
Designación de volumen o secuencia 33
504 ## - NOTA DE BIBLIOGRAFÍA, ETC.
Nota de bibliografía, etc. Incluye referencias bibliográficas y notas al pie de las páginas
504 ## - NOTA DE BIBLIOGRAFÍA, ETC.
Nota de bibliografía, etc. Bibliografía : p. 169- 290
710 2# - PUNTO DE ACCESO ADICIONAL--NOMBRE DE ENTIDAD CORPORATIVA
Nombre de entidad corporativa o nombre de jurisdicción como elemento de entrada Consejo Surperior de Investigaciones Científicas
9 (RLIN) 67611
710 2# - PUNTO DE ACCESO ADICIONAL--NOMBRE DE ENTIDAD CORPORATIVA
Nombre de entidad corporativa o nombre de jurisdicción como elemento de entrada Instituto de Estudios Gallegos
9 (RLIN) 67612
830 #0 - PUNTO DE ACCESO ADICIONAL DE SERIE-TÍTULO UNIFORME
Título uniforme Cuadernos de estudios gallegos
-- anexos
Número de parte o sección de la obra 33
9 (RLIN) 67613
Existencias
Estado de retiro Estado de pérdida Restricciones de uso No para préstamo Código de colección Localización permanente Ubicación/localización actual Ubicación en estantería Fecha de adquisición Número de inventario Total de préstamos Signatura topográfica completa Código de barras Fecha visto por última vez Precio válido a partir de Tipo de ítem Koha
      Excluido de préstamo Monografías: Libros y Folletos General General En catalogación 17.09.2013 LF1   41093-10 25.06.2020 25.06.2020 No se presta

Con tecnología Koha